| 000 | 00657nam a2200217 i 4500 | ||
|---|---|---|---|
| 001 | 65898 | ||
| 003 | ES-MaACL | ||
| 005 | 20240305175722.0 | ||
| 007 | t| | ||
| 008 | 040123s1973 sp ||||1| cat d | ||
| 100 | 1 |
_aFullat, Octavi ( _d1928-) _953001 |
|
| 245 | 1 | 0 |
_aEducació i escola dia rera dia / _cOctavi Fullat i Genis. |
| 250 | _a[1ª ed.]. | ||
| 260 |
_a[Barcelona] : _bPortic, _c[1973] |
||
| 300 |
_aVIII, 396 p. ; _c20 cm. |
||
| 490 | 1 |
_aCol·lecció Pórtic 71 ; _v6 |
|
| 650 | 7 |
_aEnseñanza- _zCataluña _2 _9144805 |
|
| 830 | 0 |
_aCol·lecció Pórtic 71 ; _v6 _9230773 |
|
| 852 |
_aES-MaACL _jC-54902 _bR.87652 |
||
| 999 |
_c65898 _d65898 |
||